Les 15 meilleurs joueurs de foot des années 1970's - Statistiques

Statistiques générales
  • Ce quiz a été pris 65 fois
  • Le résultat moyen est 5 sur 15
Statistiques - réponses
classement joueur poste nationalité % Correct
1 Cruyff A néerlandais
98%
3 Muller A allemand
86%
2 Beckenbauer D allemand
84%
6 Zoff G italien
47%
5 Jairzinho A brésilien
28%
4 Keegan A anglais
25%
7 Alberto D brésilien
23%
12 Kempes A argentin
21%
15 Blokhine A ukrainien
12%
13 Neeskens M néerlandais
12%
8 Rivelino M brésilien
12%
10 Maier G allemand
11%
11 Cubillas M péruvien
5%
9 Figueroa D chilien
5%
14 Tostao A brésilien
5%
Aucun quiz correspondant
Distribution des résultats
% des personnes avec chaque résultat
Percentile par nombre de réponses
Votre historique - résultats
Vous n’avez pas pris ce quiz